| 000 | 00432nam a2200181Ia 4500 | ||
|---|---|---|---|
| 001 | 19811 | ||
| 005 | 20260306172720.0 | ||
| 008 | 260306t2012||||xx |||||||||||||| ||spa|| | ||
| 041 | _aESP | ||
| 082 |
_a341.1 _bP99 |
||
| 100 |
_aPuy, Francisco _eAUT |
||
| 245 | 0 | _aTeoría dialéctica del derecho natural | |
| 260 | _c2012 | ||
| 300 |
_a1145 páginas : _c23 cm. |
||
| 650 | _aGEN | ||
| 654 | _aCDE | ||
| 942 |
_cLIB _dJUS _fJUS _2ddc _n |
||
| 999 |
_c19811 _d19811 |
||